Dean's handbook of organic chemistry

Kaydedildi:
Detaylı Bibliyografya
Yazar: Gokel, George W.
Materyal Türü: Kitap
Dil:Undetermined
Baskı/Yayın Bilgisi: New York McGraw-Hill 2004
Konular:
Etiketler: Etiketle
Etiket eklenmemiş, İlk siz ekleyin!
Thư viện lưu trữ: Trung tâm Học liệu Trường Đại học Cần Thơ
LEADER 00504nam a2200193Ia 4500
001 CTU_61410
008 210402s9999 xx 000 0 und d
020 |b 1963000 
082 |a 547 
082 |b G615 
100 |a Gokel, George W. 
245 0 |a Dean's handbook of organic chemistry 
245 0 |c George W. Gokel 
260 |a New York 
260 |b McGraw-Hill 
260 |c 2004 
650 |a Chemistry, organic 
904 |i Minh, Năm 
980 |a Trung tâm Học liệu Trường Đại học Cần Thơ